| 000 | 00635nam a22001457a 4500 | ||
|---|---|---|---|
| 003 | OSt | ||
| 005 | 20150909150923.0 | ||
| 008 | 150909b xxu||||| |||| 00| 0 eng d | ||
| 040 | _cRUA | ||
| 082 | _aAGR អ៊ុក 1994 BOO8 Or.1 | ||
| 100 |
_9182 _aអ៊ុក ណាវុធ |
||
| 245 | _aការវាយតំលៃបច្ចេកទេសផ្ទាល់ខ្លួនលើការផលិតស្រូវស្រោចស្រព នៅភូមិអណ្លង់រាជ ស្រុកកំពង់ត្របែក ខេត្តព្រៃវែង | ||
| 300 |
_a116p. _bill. _c29cm. |
||
| 942 |
_2ddc _cAGR |
||
| 999 |
_c162 _d162 |
||